| 000 | 00690cam a22002295a 4500 | ||
|---|---|---|---|
| 001 | 18198787 | ||
| 005 | 20201128024043.0 | ||
| 008 | 140624t2014 gw a fr 001 0 eng d | ||
| 020 | _a9783662437148 | ||
| 040 |
_aDLC _beng _cDLC _dDLC _dDLC _dEG-ScBUE |
||
| 082 | 0 | 4 |
_222 _a621.042 _bSTR |
| 100 | 1 | _aStruchtrup, Henning. | |
| 245 | 1 | 0 |
_aThermodynamics and energy conversion / _cHenning Struchtrup. |
| 250 | _a1st ed. | ||
| 260 |
_aHeidelberg : _bSpringer, _cc.2014. |
||
| 300 |
_axvii, 597 p. : _bill. ; _c24 cm. |
||
| 500 | _aIndex : p. 591-597. | ||
| 650 | 7 |
_2BUEsh _91919 _aThermodynamics. |
|
| 650 | 7 |
_95868 _aEnergy conversion. _2BUEsh |
|
| 653 |
_bENGGEN _cDecember2016 |
||
| 942 | _2ddc | ||
| 999 |
_c23476 _d23448 |
||